| 000 | 00376 a2200157 4500 | ||
|---|---|---|---|
| 003 | Nust | ||
| 005 | 20170207165540.0 | ||
| 040 | _cNust | ||
| 100 | _aK.P.Soman | ||
| 245 |
_aInsight into Wavelets From Theory to Practice (E-Book) _cK.P.Soman, K.I.Ramanchandran, N.G.Resmi |
||
| 250 | _a3rd Ed | ||
| 260 | _aPHI | ||
| 300 | _a305 p | ||
| 650 | _aWavelets Theory | ||
| 651 | _aE-Book | ||
| 942 |
_2ddc _cBK |
||
| 999 |
_c212424 _d212424 |
||